MARC

LEADER 00000nam0a2200000 4500
001 326981
005 20231102003920.0
035 |a (RuTPU)RU\TPU\book\352641 
090 |a 326981 
100 |a 20170123d1953 m y0rusy50 ca 
101 0 |a rus 
102 |a RU 
105 |a a j 001zy 
200 1 |a Физические основы устройства и работы авиационных приборов  |e [учебное пособие]  |f Ф. А. Горбачев, Е. А. Мелкобродов 
210 |a Москва  |c Оборонгиз  |d 1953 
215 |a 523 с.  |c ил. 
320 |a Библиогр.: с. 518 
606 1 |a Авиационные приборы  |x Испытание  |2 stltpush  |3 (RuTPU)RU\TPU\subj\465  |9 29382 
610 1 |a устройство 
610 1 |a работа 
610 1 |a физические основы 
610 1 |a самолеты 
610 1 |a механические измерения 
610 1 |a электрические измерения 
610 1 |a силовые установки 
610 1 |a пилотажно-навигационные приборы 
610 1 |a измерительная техника 
610 1 |a приборостроение 
610 1 |a приборное оборудование 
610 1 |a учебные пособия 
675 |a 629.73.05(075.8)  |v 4 
700 1 |a Горбачев  |b Ф. А. 
701 1 |a Мелкобродов  |b Е. А. 
801 1 |a RU  |b 63413507  |c 20170123 
801 2 |a RU  |b 63413507  |c 20170125  |g RCR 
942 |c BK